Divided Pro Sports Team Name Puzzle #3 - Statistics

General Stats
  • This quiz has been taken 281 times
  • The average score is 11 of 20
Answer Stats
Team Name % Correct
PI RAT ES Pirates
79%
WH ITES OX White Sox
78%
CH ARG ERS Chargers
67%
C HIE FS Chiefs
63%
BR OW NS Browns
61%
E AG LES Eagles
56%
F LY ERS Flyers
56%
HO RNE TS Hornets
54%
NA TION ALS Nationals
54%
K NIC KS Knicks
53%
PR EDA TORS Predators
53%
P ACE RS Pacers
52%
SH AR KS Sharks
51%
RO CK IES Rockies
48%
TH UN DER Thunder
48%
TI TA NS Titans
48%
FL AM ES Flames
46%
P IST ONS Pistons
44%
RO YA LS Royals
41%
SA BR ES Sabres
32%
No matching quizzes found
Score Distribution
Percent of People with Each Score
Percentile by Number Answered
Your Score History
You have not taken this quiz